Propuesta de un manual de Higiene y Seguridad industrial para el control de riesgos a los que se exponen los colaboradores en la empresa AGRICORP – Centro Industrial San Isidro
El presente trabajo consiste en la elaboración de un manual de higiene y seguridad industrial, el cual será aplicado en toda la empresa industrial Agri-Corp CISI. Como parte introductoria se declaran conceptos básicos necesarios y se presenta un diagnóstico de la situación actual de Agri-Corp,...
| Main Authors: | , , |
|---|---|
| Other Authors: | |
| Format: | Tesis Section = Libro |
| Language: | Undetermined Spanish |
| Published: |
Estelí
UNI/RUACS
2019
|
| Subjects: |
| LEADER | 01623nam a2200289Ia 4500 | ||
|---|---|---|---|
| 008 | 240830s9999 xx 000 0 und d | ||
| 040 | |a BIBLIOTECA-RUPAP Mon 658.38 M534 | ||
| 041 | |a spa | ||
| 082 | |a Mon 658.38 M534 | ||
| 100 | 1 | |a Mena Meza, Raquel Andrea | |
| 100 | 1 | |b Zeledón Martínez, Diego Antonio | |
| 100 | 1 | |c Morales García, Joel Isaac | |
| 245 | 1 | 0 | |a Propuesta de un manual de Higiene y Seguridad industrial para el control de riesgos a los que se exponen los colaboradores en la empresa AGRICORP – Centro Industrial San Isidro |
| 260 | |a Estelí |b UNI/RUACS |c 2019 | ||
| 300 | |a 156 p. :il. | ||
| 500 | |a Contiene: anexos y CD. | ||
| 502 | |a Tesis (Ingeniero Industrial)- UNI, 2019. | ||
| 520 | 3 | |a El presente trabajo consiste en la elaboración de un manual de higiene y seguridad industrial, el cual será aplicado en toda la empresa industrial Agri-Corp CISI. Como parte introductoria se declaran conceptos básicos necesarios y se presenta un diagnóstico de la situación actual de Agri-Corp, posterior a esto se realiza una propuesta de un manual de higiene y seguridad industrial para minimizar o eliminar riesgos que puedan afectar al personal, siendo esto de gran aporte para la empresa ya que permitirá a la misma realizar una mejor gestión de los riesgos presentes. | |
| 650 | 7 | |a SEGURIDAD INDUSTRIAL | |
| 650 | 7 | |b SEGURIDAD OCUPACIONAL | |
| 650 | 7 | |c ACCIDENTES DE TRABAJO-PREVENCION | |
| 650 | 7 | |d ENFERMEDADES PROFESIONALES | |
| 650 | 7 | |e FABRICAS-MEDIDAS DE SEGURIDAD | |
| 700 | 1 | |a Tutor: |b Alfaro Benavides, Francis Aurora | |
| 942 | |c BK |2 ddc | ||
| 991 | |a TESIS | ||
| 999 | |c 17139 | ||